| 000 | 01116nam a2200229Ii 4500 | ||
|---|---|---|---|
| 003 | JO-AjNU | ||
| 008 | 230605s9999||||xx |||||||||||||| ||und|| | ||
| 017 | _a16201/2013 | ||
| 020 | _a978-977-6253-73-5 | ||
| 040 |
_aJO-AjNU _bara _erda _cJO-AjNU |
||
| 041 | _aara | ||
| 050 | 1 | 4 | _aK845.2013 |
| 100 | 3 |
_a وهدان، رضا المتولي , _eauthor _943941 |
|
| 245 | 0 | 0 | _aالنظام القانوني للعقد الإلكتروني والمسئولية عن الإعتداءات الإلكترونية / دراسة مقارنة في القوانين الوطنية وقانون الإونسيترال النموزجى والفقة الإسلامي |
| 250 | _aط1 | ||
| 264 | 3 | 1 | _aالقاهرة : دار الفكر والقانون ، 2013 |
| 300 | _a157ص | ||
| 336 |
_atext _btxt _2rdacontent |
||
| 337 |
_aunmediated _bn _2rdamedia |
||
| 338 |
_avolume _bnc _2rdacarrier |
||
| 650 | 4 |
_aالعقود الالكترونية ( قانون دولي ) -- العقود الالكترونية ( فقة اسلامي ) -- الأمم المتحدة - لجنة القانون التجاري الدولي _943942 |
|
| 999 |
_aA18931 _c22499 _d22499 |
||